00000000cam 2200000zi 4500
0019.961734
003CaOODSP
00520260527102732
006m     o  d f      
007cr mn|||||||||
008260408e20030626onca    obf  f000 0 eng d
040 |aCaOODSP|beng|erda|cCaOODSP
043 |an-cn---
0861 |aT52-4/296-2005E-PDF
24500|aCivil aviation : |bscheduled maintenance instruction development processes manual.
24613|aScheduled maintenance instruction development processes manual
264 1|a[Ottawa] : |bTransport Canada = Transports Canada, |cJune 26, 2003.
264 4|c©2005
300 |a1 online resource (40 pages) : |billustrations (some colour)
336 |atext|btxt|2rdacontent
337 |acomputer|bc|2rdamedia
338 |aonline resource|bcr|2rdacarrier
500 |aIssued also in French under title: Aviation civile : processus d'élaboration des instructions de maintenance.
500 |aTitle from cover.
500 |a"TP 13850E (06/2003)."
500 |a"Original Issue - June 26, 2003."
500 |a"TC-1001623"--Verso of cover.
504 |aIncludes bibliographical references.
520 |a"This Transport Publication (TP) provides acceptable procedures and guidelines for developing scheduled maintenance instructions as part of a process for showing compliance with the Instructions for Continued Airworthiness requirements of aircraft being type certified in Canada or intended to be type certified in Canada. The scheduled maintenance instructions will be developed in accordance with either a Maintenance Review Board (MRB) process, a Maintenance Type Board (MTB) process or a manufacturer's internal process. The scheduled maintenance instructions will be published as either a Maintenance Review Board Report (MRBR) or as manufacturers' recommendations and, as such, will be included within an aircraft's Instructions for Continued Airworthiness (ICA)"--Purpose, page 2.
650 0|aAircraft|zCanada|xMaintenance and repair|xPlanning|vHandbooks, manuals, etc.
650 0|aScheduling|zCanada|vHandbooks, manuals, etc.
655 7|aHandbooks and manuals|2lcgft
7101 |aCanada. |bTransport Canada, |eissuing body.
77508|tAviation civile : |w(CaOODSP)9.963107
85640|qPDF|s156 KB|uhttps://publications.gc.ca/collections/collection_2026/tc/T52-4-296-2005-eng.pdf
986 |aTP 13850E
986 |aTC-1001623